000 00475cam a2200181ua 4500
020 _c$ 3.95
041 _aeng
_h
082 _a537
_bJEA/MA
100 _aJeans, James .
245 _aMathematical theory of electricity and magnetism /
_cJames Jeans.
_hTextual Documents
250 _a5 /
_b.
260 _aLondon :
_bCambridge at the University Press ,
_c1966.
300 _a652 ; .
365 _a$ 3.95
504 _a
942 _cBK
999 _c11105
_d11105